000 00452nam a2200145Ia 4500
008 100122s9999 xx 000 0 und d
082 _b19504
_a823.08
100 _aहसमनीस द का
245 _aपालखीचा गोंडा
260 _bयुवराज प्रकाशन
_c1973
300 _a135
630 _aपालखीचा गोंडा
730 _aपालखीचा गोंडा
942 _cBOOK
999 _c408516
_d408513